| 000 | 00952cam a22002651 4500 | ||
|---|---|---|---|
| 001 | gs 36000307 | ||
| 003 | DLC | ||
| 005 | 20260227111341.0 | ||
| 008 | 770802s1936 ksua s001 0 eng c | ||
| 010 | _ags 36000307 | ||
| 035 | _a(OCoLC)3153539 | ||
| 040 |
_aU.S. Geol. Survey. Libr. _cLNU _dOCoLC _dDLC |
||
| 042 | _apremarc | ||
| 050 | 0 | 0 |
_aQE113 _b.A2 no. 22 |
| 082 | _a551.75 | ||
| 100 | 1 |
_aMoore, Raymond C. _q(Raymond Cecil), _d1892-1974. |
|
| 245 | 1 | 0 |
_aStratigraphic classification of the Pennsylvanian rocks of Kansas, _cby Raymond C. Moore ... |
| 260 |
_aLawrence, Kan., _bState geological survey, _c1936. |
||
| 300 |
_a256 p. _bdiagrs. _c13 cm. |
||
| 490 | 0 | _aKansas. State geological survey. Bulletin 22 | |
| 500 | _aOn cover: Bulletin of the University of Kansas, vol. 36, no. 22, November 15, 1935. | ||
| 650 | 0 |
_aGeology _zKansas. |
|
| 650 | 0 |
_aGeology, Stratigraphic _yPennsylvanian. |
|
| 740 | 0 | _aPennsylvanian rocks of Kansas. | |
| 999 |
_c27298 _d27298 |
||